Dalla struttura alla funzione: nuovi studi di teoria del diritto

Uloženo v:
Podrobná bibliografie
Hlavní autor: Bobbio, Norberto (autor)
Médium: Kniha
Jazyk:italština
Vydáno: Roma Laterza 2007
Edice:Biblioteca Universale Laterza, 607
Témata:
Tagy: Přidat tag
Žádné tagy, Buďte první, kdo vytvoří štítek k tomuto záznamu!

MARC

LEADER 00000cam a2200000 a 4500
001 UCF6403
003 CL-VaPUC
008 130425e20070000IT |||||||||||||||||ita|d
020 |a 9788842084587 
082 0 4 |a 340.1  |b BOB  |2 21 
100 |a Bobbio, Norberto  |e autor  |9 257371 
245 1 0 |a Dalla struttura alla funzione: nuovi studi di teoria del diritto 
300 |a 249 p 
942 |c BK 
945 |d 20130425 00:00:00  |a dcastane 
260 |a Roma  |b Laterza  |c 2007 
650 0 |a Filosofía del derecho   |9 255050 
650 0 |a Teoría del derecho  |9 255982 
650 0 |a Sanción jurídica  |9 383332 
650 0 |a Escuelas filosóficas   |9 266232 
650 7 |a FUNCIONALISMO  |2 CL-VaPUC  |9 568395 
583 |a last modification  |c 20130425 11:23:00  |k Rodrigo Vera 
490 0 |a Biblioteca Universale Laterza, 607 
999 |c 351619  |d 351617 
952 |0 0  |1 0  |4 0  |6 340_100000000000000_BOB_2007  |7 0  |8 DER_TF  |9 455812  |a BIBDER  |b BIBDER  |d 2019-11-22  |i 4966392  |l 1  |o 340.1 BOB 2007  |p 4966392  |r 2023-01-25  |s 2020-03-17  |w 2019-11-22  |x Ubicación 4to Piso  |y BK  |z Estos recursos deben solicitarse con anticipación  |k DER